[Event "Budapest Karacsonyi op 4th"]
[Site "Budapest"]
[Date "2012.12.30"]
[Round "7"]
[White "Budai, Istvan"]
[Black "Horvath, Zoltan3333"]
[Result "1-0"]
[WhiteElo "1683"]
[BlackElo "1519"]
[PlyCount "145"]
[EventDate "2012.12.27"]
[EventType "swiss"]
[EventRounds "7"]
[EventCountry "HUN"]
[SourceTitle "EXT 2014"]
[Source "ChessBase"]
[SourceDate "2013.11.20"]
[SourceVersion "1"]
[SourceVersionDate "2013.11.20"]
[SourceQuality "1"]

1. d4 Nf6 2. Nc3 d5 3. Nf3 Bf5 4. e3 e6 5. a3 a6 6. h3 c5 7. g4 Be4 8. Bg2 cxd4 9. exd4 Bd6 10. 0-0 h6 11. Re1 0-0 12. Ne5 Bxg2 13. Kxg2 Nc6 14. f4 Nd7 15. b4 Ncxe5 16. dxe5 Be7 17. Be3 Qc7 18. Bd4 Bh4 19. Re3 b5 20. Ne2 Nb6 21. Bxb6 Qxb6 22. Qd4 Qxd4 23. Nxd4 Rfc8 24. Rd1 Rc4 25. Rdd3 Rac8 26. c3 Bd8 27. f5 Bb6 28. fxe6 fxe6 29. Kg3 Bxd4 30. cxd4 Rf8 31. Rf3 Rxf3+ 32. Kxf3 g5 33. Kg3 Kg7 34. h4 gxh4+ 35. Kxh4 Kg6 36. Rf3 Rxd4 37. Rf6+ Kg7 38. Rxe6 Re4 39. Rxa6 Rxe5 40. Rd6 Kh7 41. Kg3 h5 42. Kf4 Re4+ 43. Kf5 hxg4 44. Rxd5 Re3 45. Kxg4 Rxa3 46. Kf5 Rb3 47. Rxb5 Kg7 48. Ke6 Kf8 49. Rb8+ Kg7 50. b5 Re3+ 51. Kd7 Kf7 52. Rb7 Rd3+ 53. Kc8+ Ke8 54. b6 Rd8+ 55. Kc7 Rd7+ 56. Kc6 Rd8 57. Rh7 Rc8+ 58. Kb7 Rc4 59. Rc7 Ra4 60. Rh7 Kd8 61. Kb8 Ra1 62. Rh2 Ra3 63. Rd2+ Ke7 64. Rc2 Kd7 65. Rc7+ Kd8 66. Ra7 Rc3 67. b7 Rb3 68. Ra6 Kd7 69. Ra4 Rb5 70. Ka7 Kc7 71. Rc4+ Kd7 72. b8Q Rxb8 73. Kxb8 1-0